LDR 00905nam a2200229 i 4500 001 000000103353 003 CaOOAMICUS 005 20260529125839.0 008 010927s1983 it u000 u ita u 020 $a88-02-03882-1 040 $aSeMil$bita 245 10$a2: Il Medioevo /$ca cura di Ovidio Capitani ... [et al.]. 300 $aVII, 920 p., [4] c. di tav., [26] p. di tav. 650 4$aPolitica - Teorie - Medioevo.$0(OLS)http://semarc/subject/16218 700 1 $aCapitani, Ovidio <1930-2012>.$0(OLS)http://semarc/name/6748 773 0 $t2: Ebraismo e Cristianesimo . Il Medioevo.$gTomo2$w()6675 850 $aSeMil 852 $aSeMil$W1$xVenegono$y1$mSL1.M VI 2/2$j59814$B59814$CSeMilBibl$Z2$F44299 $8I 961 $aAcquisto: UTET (Agente) 996 $6020$a88-02-03882-1$9(OLS)http://semarc/number/83143 996 $6245$a2: Il Medioevo$9(OLS)http://semarc/title/459974